Statistics for Countries Contained in ANTIGUA AND BARBUDA

Click here to take the quiz!

General Stats

  • This quiz has been taken 51 times
  • The average score is 3 of 5

Answer Stats

country% Correct
Antigua and Barbuda
68%
Uganda
61%
Iran
56%
Nauru
56%
Burundi
54%

Score Distribution

Percentile by Number Answered

Percent of People with Each Score

Your Score History

You have not taken this quiz